Premeny postsocialistického mesta na príklade dunajského nábrežia v Bratislave

Priblíženie radikálnych transformačných premien postsocialistického mesta - Bratislavy na príklade lokality bratislavského ľavého nábrežia.

Salvato in:
Dettagli Bibliografici
Autore principale: Machala, Branislav
Natura: Capitolo di libro
Lingua:slovacco
Soggetti:
Tags: Aggiungi Tag
Nessun Tag, puoi essere il primo ad aggiungerne!!

MARC

LEADER 00000naa$a2200000$$$4500
001 0106938
005 20231127085304.9
041 0 |a slo 
044 |a SK 
245 1 0 |a Premeny postsocialistického mesta na príklade dunajského nábrežia v Bratislave  |c Branislav Machala 
520 |a Priblíženie radikálnych transformačných premien postsocialistického mesta - Bratislavy na príklade lokality bratislavského ľavého nábrežia. 
610 2 0 |a Slovensko 
610 2 0 |a mestá 
610 2 0 |a transformácia 
610 2 0 |a 1989-2009 
100 1 |a Machala, Branislav